[Event "30/move"]
[Site "?"]
[Date "2006.03.31"]
[Round "11"]
[White "Mephisto Milano"]
[Black "Mephisto Modena"]
[Result "1-0"]
[WhiteElo "2010"]
[BlackElo "1983"]
[PlyCount "129"]
[EventDate "2006.03.31"]
[EventType "tourn (rapid)"]
[EventRounds "20"]
[EventCountry "NED"]
[SourceDate "2006.03.12"]

1. d4 d5 2. c4 dxc4 3. Nf3 Nf6 4. e3 e6 5. Bxc4 c5 6. O-O {
Milano letzter Buchzug} cxd4 7. Nxd4 a6 {Modena letzter Buchzug} ({RR} 7... Be7
8. Nc3 a6 9. a4 e5 10. Nf3 Qc7 11. Qb3 O-O 12. e4 Nc6 13. Nd5 Nxd5 14. Bxd5 Bg4
15. Bxc6 bxc6 16. Qc3 Bxf3 17. Qxf3 {
1/2-1/2 Tichy,V-Vokac,M/Czechia 2000/EXT 2001}) ({RR} 7... Bd6 8. Nb5 Ke7 9.
Qd3 Qb6 10. N1c3 Rd8 11. Qe2 Qc6 12. Rd1 a6 13. Nxd6 Rxd6 14. Bd2 b5 15. Bb3
Bb7 16. f3 Qd7 17. e4 e5 18. Be3 Nc6 19. Bc5 Nd4 20. Qd3 Rd8 21. Bxd6+ Qxd6 22.
Ne2 {Frajka,P-Deancovich,P/Kiev 2003/EXT 2004/1-0 (32)}) 8. Nc3 Bd6 $146 ({RR} 
8... Bc5 9. Nb3 Bd6 10. Qe2 Nbd7 11. Bd3 b5 12. a3 Bb7 13. e4 Rc8 14. Rd1 Bc7
15. Bg5 Be5 16. Rac1 Bxc3 17. bxc3 h6 18. Bh4 Qb6 19. Nd4 Ne5 20. Bb1 Ng6 21.
Bg3 O-O 22. Kh1 Rfd8 23. f4 {Moisieev,O-Flohr,S/Moscow 1951/URS-ch/0-1 (32)})
9. Bd3 Nbd7 10. Bd2 Nc5 11. Bc2 e5 12. Nf5 Bxf5 13. Bxf5 g6 14. Bc2 O-O 15. b4
Ncd7 16. Ne4 Be7 17. Bc3 Qc7 18. Rc1 Rad8 19. a4 Nxe4 20. Bxe4 Nf6 21. Qf3 Nxe4
22. Qxe4 Bd6 23. Bxe5 Qe7 24. f4 Rfe8 25. Qc4 Bxb4 26. e4 h6 27. Qb3 Bc5+ 28.
Kh1 b6 29. Qc4 Bd6 30. Qxa6 Bxe5 31. fxe5 Rb8 32. Qc4 Kg7 33. Rf6 Rb7 34. Rcf1
Rf8 35. Qb5 Ra7 36. Rxb6 Re8 37. e6 fxe6 38. a5 Kh7 39. a6 Rc8 40. Qe5 Re8 41.
Rfb1 Qf7 42. Rb7 Re7 43. Qb5 Qg7 44. Qb6 Ra8 45. Rxe7 Qxe7 46. Rc1 Rd8 47. a7
Kg8 48. Qa6 Qe8 49. Qb7 Qa4 50. Rf1 Qe8 51. Ra1 Ra8 52. Rb1 Rd8 {
Modena gibt auf} 53. Qb8 Kh7 54. a8=Q Rxb8 55. Rxb8 Qe7 56. Rb7 Qxb7 57. Qxb7+
Kg8 58. e5 g5 59. Qd7 Kf8 60. Qxe6 Kg7 61. Qf6+ Kh7 62. e6 {# in 4} h5 63. e7
g4 64. e8=N Kg8 65. Qg7# {28:12 - ??:??} 1-0

[Event "30/move"]
[Site "?"]
[Date "2006.03.31"]
[Round "12"]
[White "Mephisto Modena"]
[Black "Mephisto Milano"]
[Result "0-1"]
[WhiteElo "1983"]
[BlackElo "2010"]
[PlyCount "114"]
[EventDate "2006.03.31"]
[EventType "tourn (rapid)"]
[EventRounds "20"]
[EventCountry "NED"]
[SourceDate "2006.03.12"]

1. Nf3 d5 2. c4 c6 3. d4 Nf6 4. Nc3 dxc4 5. a4 Bf5 6. e3 e6 7. Bxc4 Bb4 8. O-O
{Modena letzter Buchzug} O-O {Milano letzter Buchzug} 9. Bd2 Nbd7 ({RR} 9... c5
10. Ne2 Bxd2 11. Nxd2 Nbd7 12. dxc5 Nxc5 13. Nd4 {
1/2-1/2 Romanishin,O-Kupreichik,V/Muenster 1997/CBM 60 ext}) 10. Qb3 ({RR} 10.
Ne2 Bd6 11. b4 Qc7 12. Ng3 Bg4 13. Be2 h5 14. Re1 Bxf3 15. Bxf3 h4 16. Nf1 e5
17. dxe5 Nxe5 18. Qc2 Nxf3+ 19. gxf3 Qd7 20. Bc3 Qh3 21. Qe2 Nd5 22. Rac1 Rae8
23. Qd1 Re6 24. Ng3 hxg3 {Le T Thuy,H-Hoang T Bao,T/Hue 2003/CBM 95 ext/0-1})
10... a5 11. Nb1 $146 ({RR} 11. Rfd1 Bg4 12. Be2 Qe7 13. Rac1 Qd6 14. h3 Bh5
15. Nb1 Nd5 16. Bxb4 {1/2-1/2 Jablonicky,F-Vrabec,M/Hrazany 1974/EXT 2002}) ({
RR} 11. Rac1 h6 12. Ne2 Bxd2 13. Nxd2 Nb6 14. Nf4 Re8 15. Nd3 Bxd3 16. Bxd3 e5
17. Nc4 Nxc4 18. Bxc4 Qc7 19. Rfd1 e4 20. d5 Ng4 21. g3 Qe5 22. Be2 Nf6 23.
dxc6 bxc6 24. Rxc6 Rab8 25. Rb6 Rxb6 {
Keller,T-Lindinger,M/Hamburg 1993/TD/1/2-1/2 (64)}) ({RR} 11. Qd1 Rc8 12. Ne1
e5 13. dxe5 Nxe5 14. Be2 Rc7 15. Bc1 Rd7 16. Qb3 Qc7 17. Nf3 Nxf3+ 18. Bxf3
Rfd8 19. Na2 Bd6 20. g3 Bh3 21. Bg2 Bxg2 22. Kxg2 h5 23. Qc4 Be7 24. Nc3 Nd5
25. Rd1 Nxc3 {Afonso,V-Tan,W/Istanbul 2000/EXT 2001/0-1 (35)}) 11... Qb6 12.
Bxb4 Qxb4 13. Qxb4 axb4 14. Nbd2 Rfe8 15. Rfe1 Nb6 16. Bb3 Ne4 17. Nxe4 Bxe4
18. Ng5 Bd5 19. Bc2 h6 20. b3 hxg5 21. e4 Red8 22. a5 Bxe4 23. Bxe4 Rxd4 24.
Bxc6 bxc6 25. axb6 Rb8 26. Ra6 Rd3 27. Rb1 e5 28. f3 f5 29. Kf2 Rd2+ 30. Kg1
Kh7 31. Re1 Rd3 32. Rxe5 Rxb3 33. Rxf5 Rb1+ 34. Kf2 b3 35. b7 Rxb7 36. Rxc6 b2
37. Rxg5 {Modena gibt auf} Rc1 38. Rgc5 Rxc5 39. Rxc5 b1=Q 40. Rh5+ Kg6 41. Re5
Rb2+ 42. Re2 Rxe2+ 43. Kxe2 Qg1 44. g4 Kg5 45. Kd3 Kf4 46. Kc4 Qxh2 47. Kd5 g5
48. Kc4 Kxf3 49. Kd3 Qe2+ 50. Kd4 Kxg4 51. Kc5 Kf4 52. Kd5 Qd2+ 53. Ke6 Qd8 54.
Kf7 Kf5 55. Kg7 Qc7+ {# in 3} 56. Kf8 Kf6 57. Ke8 Qe7# {??:?? - 24:02} 0-1

[Event "30/move"]
[Site "?"]
[Date "2006.03.31"]
[Round "13"]
[White "Mephisto Milano"]
[Black "Mephisto Modena"]
[Result "1-0"]
[WhiteElo "2010"]
[BlackElo "1983"]
[PlyCount "175"]
[EventDate "2006.03.31"]
[EventType "tourn (rapid)"]
[EventRounds "20"]
[EventCountry "NED"]
[SourceDate "2006.03.12"]

1. c4 c6 2. d4 d5 3. Nf3 Nf6 4. Nc3 e6 5. e3 Nbd7 6. Qc2 Bd6 {
Modena letzter Buchzug} 7. Be2 {Milano letzter Buchzug} b6 ({RR} 7... O-O 8. g4
dxc4 9. Bxc4 e5 10. g5 Ne8 11. Bd2 exd4 12. exd4 Nb6 13. Be2 Nc7 14. O-O-O Nbd5
15. a3 g6 16. Ne4 Re8 17. Rhg1 Bf5 18. Bd3 Bxe4 19. Bxe4 Qd7 20. Kb1 Re7 21.
Ne5 Bxe5 22. dxe5 {Aydinalp,S-Kilicoglu,M/Izmir 2003/CBM 93 ext/0-1 (52)}) 8.
Bd2 $146 ({RR} 8. cxd5 cxd5 9. Nb5 Bb4+ 10. Bd2 Bxd2+ 11. Nxd2 O-O 12. Rc1 Ne8
13. Nc7 Nxc7 14. Qxc7 Nb8 15. Nf3 Ba6 16. Qxd8 Rxd8 17. Kd2 Bxe2 18. Kxe2 Na6
19. Rc3 Rdc8 20. Rhc1 Rxc3 21. Rxc3 f6 22. a3 Rd8 {
Piket,J-Dreev,A/Monte Carlo 1996/CBM 53/1/2-1/2 (49)}) ({RR} 8. O-O Bb7 9. Rd1
({RR} 9. e4 Nxe4 10. Nxe4 dxe4 11. Qxe4 Qc7 12. Qg4 Rg8 13. c5 bxc5 14. dxc5
Nxc5 15. Be3 Nd7 16. Rac1 Nf6 17. Qa4 Nd5 18. Bc5 Bxc5 19. Rxc5 Qf4 20. Rc4 Qd6
21. Rh4 h6 22. Ba6 Bxa6 23. Qxa6 Ke7 {
Skembris,S-Smyslov,V/Karditsa 1995/CBM 47 ext/1/2-1/2}) 9... O-O 10. a3 c5 11.
dxc5 bxc5 12. b3 Qe7 13. Bb2 Rac8 14. Rd2 Rfd8 15. Rad1 Bc7 16. cxd5 exd5 17.
Qf5 Ba5 18. Nxd5 Nxd5 19. Rxd5 Bxd5 20. Rxd5 Nf8 21. Bc4 Qe6 {
1/2-1/2 Epishin,V-Dreev,A/Reggio Emilia 1996/CBM 51}) 8... O-O 9. cxd5 cxd5 10.
Nb5 Be7 11. Rc1 Bb7 12. Qc7 Qc8 13. O-O a6 14. Nd6 Qxc7 15. Rxc7 Bxd6 16. Rxb7
Rfc8 17. Bd3 Rd8 18. Ne5 Be7 19. Nc6 Re8 20. Nxe7+ Rxe7 21. Rc1 e5 22. Rbc7
exd4 23. Bb4 Re6 24. Bf5 dxe3 25. fxe3 Rae8 26. Bxe6 fxe6 27. Kf1 e5 28. Ke2
Kf7 29. Kd3 Kg6 30. R7c6 Kf5 31. h3 Kg5 32. a4 Ne4 33. Ke2 a5 34. Rc7 Nef6 35.
Ba3 Kf5 36. Kd3 h5 37. R7c6 h4 38. Rf1+ Kg5 39. b3 Kh5 40. Rc7 g5 41. Rfc1 g4
42. hxg4+ Kxg4 43. R7c6 Ne4 44. Ke2 d4 45. Rg6+ Kf5 46. Rg7 Ng3+ 47. Ke1 Nf6
48. exd4 exd4+ 49. Re7 Rd8 50. Rc6 Nd5 51. Rh7 Re8+ 52. Kd2 Kg4 53. Rg7+ Kf5
54. Rf7+ Ke4 55. Be7 Nxe7 56. Re6+ Kd5 57. Rfxe7 Rxe7 58. Rxe7 Nf5 59. Rh7 Ke4
60. Rh8 Ke5 61. Kd3 Kd5 62. Rg8 Ke6 63. Rg6+ Ke5 64. Rxb6 Ne3 65. Rg6 Kf5 66.
Kxd4 Nc2+ 67. Kc3 Ne3 68. Kd3 Nd5 69. Rg7 Ke5 70. Rg5+ Ke6 71. Rg4 Kf5 72. Rxh4
Nf4+ 73. Rxf4+ Kxf4 74. b4 axb4 75. a5 b3 76. a6 Kg3 77. a7 b2 78. Kc2 Kxg2 79.
a8=Q+ Kg3 {Modena gibt auf} 80. Qf8 Kg4 81. Kxb2 Kh4 82. Qg7 Kh3 83. Qg6 Kh2
84. Kc3 Kh3 85. Kd4 Kh4 86. Ke4 {# in 3} Kh3 87. Kf3 Kh4 88. Qh6# {
42:07 - ??:??} 1-0

[Event "30/move"]
[Site "?"]
[Date "2006.03.31"]
[Round "14"]
[White "Mephisto Modena"]
[Black "Mephisto Milano"]
[Result "1-0"]
[WhiteElo "1983"]
[BlackElo "2010"]
[PlyCount "203"]
[EventDate "2006.03.31"]
[EventType "tourn (rapid)"]
[EventRounds "20"]
[EventCountry "NED"]
[SourceDate "2006.03.12"]

1. e4 c5 2. c3 d5 3. exd5 Qxd5 4. d4 e6 5. Nf3 {Modena letzter Buchzug} Nf6 {
Milano letzter Buchzug} 6. Bg5 Be7 ({RR} 6... Ne4 7. Be3 Nc6 8. Bd3 cxd4 9.
Nxd4 Nc5 10. Bc2 Qxg2 11. Qf3 Qxf3 12. Nxf3 Be7 13. Rg1 g6 14. Nbd2 b6 15. b4
Nd7 16. Be4 Bb7 17. b5 Na5 18. Bh6 Bf6 19. Rc1 Rc8 20. Bxb7 Nxb7 21. Ne4 {
Karvinen,K-Nakamura,H/Dos Hermanas 2003/EXT 2004/0-1 (35)}) 7. Nbd2 cxd4 8. Bc4
$146 ({RR} 8. cxd4 Nc6 9. Bxf6 Bxf6 10. Nb3 O-O 11. Rc1 Rd8 12. Rc4 e5 13. Be2
exd4 14. Rc5 Qd6 15. Qd3 Be6 16. Rc1 Nb4 17. Qb1 g6 18. Bd3 Nxd3+ 19. Qxd3 Bf5
20. Qd1 Re8+ 21. Kf1 d3 22. h3 Re2 {
Araujo,B-Kamada de Toledo,J/Americana 1999/EXT 2002/0-1}) 8... Qc6 9. cxd4 h6
10. Bxf6 Bxf6 11. Rc1 O-O 12. O-O Rd8 13. Bb3 Qb6 14. Nc4 Qc7 15. Nce5 Nc6 16.
Qc2 Bd7 17. Rfe1 Qd6 18. Qe4 Be8 19. Rcd1 b5 20. d5 Nxe5 21. Nxe5 Bxe5 22. Qxe5
Qxe5 23. Rxe5 exd5 24. Rexd5 Rxd5 25. Bxd5 Rc8 26. Kf1 Rc2 27. b4 Rb2 28. Bb3
Bc6 29. f3 Kh7 30. Rd6 Be8 31. Ra6 Rd2 32. Rxa7 f6 33. Kg1 Kg6 34. Re7 Bc6 35.
Kf1 h5 36. Re6 Bd7 37. Re2 Rd4 38. Re7 Bf5 39. a3 Rd2 40. a4 bxa4 41. Bxa4 Ra2
42. Be8+ Kh6 43. b5 Rb2 44. Kg1 h4 45. Bc6 g5 46. h3 Bd3 47. Rb7 Kg6 48. b6 f5
49. Rb8 Rb1+ 50. Kh2 Kg7 51. b7 Ba6 52. Rd8 Bxb7 53. Rd7+ Kf6 54. Bxb7 Ke6 55.
Bc8 Rb8 56. Rd8+ Kf6 57. Rg8 Ke5 58. Be6 Rb6 59. Bc4 Kf4 60. Rd8 Rb4 61. Bd3 g4
62. Rd5 Ra4 63. Rxf5+ Ke3 64. Bf1 g3+ 65. Kg1 Rd4 66. Rf7 Ra4 67. Rg7 Ra5 68.
Rg4 Rh5 69. Bc4 Kd2 70. Re4 Rh6 71. Be6 Rg6 72. Kf1 Rf6 73. Ba2 Ra6 74. f4 Kd3
75. Bb1+ Kd2 76. f5 Ra1 77. Rb4 Kc3 78. Rb7 Ra4 79. Ke2 Rf4 80. Ke3 Rf1 {
Milano gibt auf} 81. Be4 Rd1 82. f6 Rd8 83. f7 Kc4 84. Kf4 Rh8 85. Ke5 Kc3 86.
Re7 Rf8 87. Kf6 Kc4 88. Re8 Rxf7+ 89. Kxf7 Kd4 90. Kf6 Kc3 91. Kg5 Kd2 92. Kxh4
Ke3 93. Kxg3 Kd4 94. h4 Kc5 95. h5 Kd6 96. h6 Kd7 97. Ra8 Ke6 98. Kf4 Ke7 99.
h7 Kf7 {# in -4} 100. Ke5 Ke7 101. Ra7+ Kd8 102. h8=Q# {??:?? - 16:27} 1-0

[Event "30/move"]
[Site "?"]
[Date "2006.03.31"]
[Round "15"]
[White "Mephisto Milano"]
[Black "Mephisto Modena"]
[Result "0-1"]
[WhiteElo "2010"]
[BlackElo "1983"]
[PlyCount "170"]
[EventDate "2006.03.31"]
[EventType "tourn (rapid)"]
[EventRounds "20"]
[EventCountry "NED"]
[SourceDate "2006.03.12"]

1. c4 e5 2. Nc3 Nf6 3. Nf3 Nc6 4. g3 Bb4 5. Bg2 O-O 6. O-O e4 7. Ng5 Bxc3 8.
bxc3 Re8 {Modena letzter Buchzug} 9. d3 exd3 10. exd3 {Milano letzter Buchzugg}
d6 11. Rb1 Bg4 12. f3 Bc8 13. Ne4 Nxe4 14. fxe4 Ne5 15. Qc2 $146 ({RR} 15. d4
Bg4 16. Qb3 Nd7 17. Be3 Be6 18. Rf4 f6 19. Rd1 b6 20. Qa4 Nf8 21. Rf2 Bd7 22.
Qb3 Rb8 23. c5+ Be6 24. Qc2 dxc5 25. dxc5 Qe7 26. Qa4 Nd7 27. Qxa7 Nxc5 28. e5
fxe5 29. Bc6 Rbd8 {Hebert,J-Tseitlin,M/Paris 1995/EXT 97/0-1 (34)}) 15... b6
16. Be3 Bd7 17. h3 a6 18. Qe2 b5 19. cxb5 axb5 20. d4 Nc4 21. Bf4 c6 22. Rf2
Be6 23. Qh5 Qd7 24. Rbf1 h6 25. d5 cxd5 26. exd5 Bf5 27. Bc1 Bg6 28. Qf3 Ne5
29. Qd1 Nd3 30. Rd2 Qa7+ 31. Kh2 Re3 32. Qg4 Nxc1 33. Rxc1 Qa3 34. Qd1 Rc8 35.
Qg4 Rc4 36. Qd1 b4 37. Rf2 bxc3 38. Qf1 Rc5 39. Bh1 c2 40. Rf3 Rxf3 41. Bxf3
Qxa2 42. Qe1 Qb2 43. Qe8+ Kh7 44. Qe1 Ra5 45. Bg2 Ra3 46. Kg1 Qe5 47. Qxe5 dxe5
48. Kf2 Ra4 49. g4 Rd4 50. Ke2 Kg8 51. Bh1 Kf8 52. Bf3 Ke7 53. h4 Kd6 54. h5
Bd3+ 55. Ke3 f6 56. Bh1 Kc5 57. Bf3 e4 58. Bd1 Rc4 59. Be2 Bxe2 60. Kxe2 Kxd5
61. Kd2 Ke5 62. Ke3 Rc5 63. Ke2 {Milano gibt auf} Kf4 64. Kd2 Kxg4 65. Ke3 Rc4
66. Rg1+ Kxh5 67. Rh1+ Kg4 68. Rg1+ Kf5 69. Rf1+ Ke5 70. Rc1 f5 71. Ke2 f4 72.
Kf2 Kd4 73. Ke2 Kc3 74. Rg1 Rb4 75. Kf2 g5 76. Kg2 Rb1 77. Rf1 Rxf1 78. Kxf1
Kd2 79. Kg2 c1=Q 80. Kh3 e3 81. Kg4 e2 82. Kf5 e1=Q 83. Kg6 {# in -3} Qe6+ 84.
Kg7 Qc7+ 85. Kf8 Qec8# {41:05 - ??:??} 0-1

[Event "30/move"]
[Site "?"]
[Date "2006.03.31"]
[Round "16"]
[White "Mephisto Modena"]
[Black "Mephisto Milano"]
[Result "0-1"]
[WhiteElo "1983"]
[BlackElo "2010"]
[PlyCount "150"]
[EventDate "2006.03.31"]
[EventType "tourn (rapid)"]
[EventRounds "20"]
[EventCountry "NED"]
[SourceDate "2006.03.12"]

1. e4 c6 2. d4 d5 3. Nc3 dxe4 4. Nxe4 Bf5 5. Ng3 Bg6 6. Nf3 Nd7 7. Bd3 {
Modena letzter Buchzug} e6 8. O-O Qc7 {Milano letzter Buchzug} 9. Bg5 Bd6 10.
Ne4 Bxe4 11. Bxe4 h6 $146 ({RR} 11... Ngf6 12. Re1 O-O-O 13. Qe2 h6 14. Bxf6
Nxf6 15. c4 g5 16. h3 g4 17. hxg4 Rdg8 18. d5 Rxg4 19. Qd3 Rhg8 20. dxc6 Rxg2+
21. Kf1 Bc5 22. cxb7+ Kb8 23. Nd4 Rxf2+ {
1-0 Vaz,B-Miranda Costa,F/Almeria 1989/EXT 97}) 12. Bd2 Qb6 13. b3 Ngf6 14. Bd3
O-O 15. a4 a5 16. c3 c5 17. Be3 e5 18. dxe5 Nxe5 19. Nxe5 Bxe5 20. Qc2 Ng4 21.
Kh1 Bxh2 22. Bd2 Bc7 23. Bh7+ Kh8 24. Bf5 Nf6 25. Be3 Nd5 26. Bd2 Ne7 27. Be4
Rad8 28. Be3 f5 29. Bf3 Nd5 30. Bxd5 Rxd5 31. Rfd1 Qd6 32. f4 Rd8 33. Rxd5 Qxd5
34. Re1 Qd3 35. Qc1 c4 36. bxc4 Qxc4 37. Bd4 Qc6 38. Qe3 Rg8 39. Qg3 Bb6 40.
Bxb6 Qxb6 41. Re5 g6 42. Qh4 h5 43. Qg5 Qb1+ 44. Kh2 Kh7 45. Qf6 Rg7 46. Rxa5
Qc1 47. Qe5 Qf1 48. Ra8 Qf2 49. a5 h4 50. a6 Qg3+ 51. Kh1 h3 52. gxh3 Qxh3+ 53.
Kg1 bxa6 54. Rxa6 g5 55. Qxg7+ Kxg7 56. Ra7+ Kg6 57. Rd7 Qg3+ 58. Kf1 Qxf4+ 59.
Ke2 {Modena gibt auf} g4 60. Rd4 Qf3+ 61. Kd2 f4 62. Rd3 Qc6 63. Rd4 Kf5 64. c4
g3 65. Rd8 Qxc4 66. Rf8+ Kg4 67. Re8 f3 68. Rd8 f2 69. Rf8 g2 70. Rf6 f1=N+ {
# in 6} 71. Ke1 Qc3+ 72. Kf2 Qg3+ 73. Kg1 Qh2+ 74. Kf2 g1=Q+ 75. Ke1 Qd2# {
??:?? - 35:49} 0-1

[Event "30/move"]
[Site "?"]
[Date "2006.03.31"]
[Round "17"]
[White "Mephisto Milano"]
[Black "Mephisto Modena"]
[Result "0-1"]
[WhiteElo "2010"]
[BlackElo "1983"]
[PlyCount "90"]
[EventDate "2006.03.31"]
[EventType "tourn (rapid)"]
[EventRounds "20"]
[EventCountry "NED"]
[SourceDate "2006.03.12"]

1. e4 e5 2. Nf3 Nc6 3. Bb5 a6 4. Ba4 Nf6 5. O-O Be7 6. Re1 b5 7. Bb3 O-O 8. c3
d6 9. h3 Bb7 10. d4 Re8 {Modena letzter Buchzug} 11. Nbd2 {
Milano letzter Buchzug} exd4 ({RR} 11... h6 12. Nf1 Qb8 13. Ng3 Bd8 14. a4 Na5
15. Bc2 c6 16. b3 Bc7 17. Bd2 Bc8 18. Nh4 Qa7 19. axb5 cxb5 20. c4 Nc6 21. dxe5
dxe5 22. cxb5 Nd4 23. Be3 Bb6 24. bxa6 Nxc2 25. Qxc2 Bxa6 26. Qc6 {
Lin,A-Yap Su E/Singapore 2002/EXT 2003/1-0 (43)}) 12. cxd4 Na5 13. Bc2 Qd7 $146
({RR} 13... Bf8 14. d5 c5 15. b3 g6 16. Bb2 Bg7 17. a4 Qc7 18. Rb1 Bc8 19. Bc3
Nh5 20. Bxg7 Nxg7 21. e5 dxe5 22. Ne4 Qd8 23. Nxc5 f6 24. d6 Be6 25. Be4 Ra7
26. axb5 axb5 27. b4 Nc4 28. Bc6 {
Jonasson,B-Kristjansson,O/Reykjavik 1988/TD/1-0 (41)}) 14. b4 Nc4 15. Nxc4 bxc4
16. Bb2 d5 17. Ne5 Qe6 18. Ba3 dxe4 19. Ba4 Reb8 20. Qd2 a5 21. Bc2 Bd5 22.
Rab1 Qd6 23. Qe2 axb4 24. Bc1 b3 25. Bd1 Rxa2 26. Qxa2 bxa2 27. Rxb8+ Bf8 28.
Bb2 c5 29. Rxf8+ Qxf8 30. Bc2 cxd4 31. Bxd4 Qb4 32. Rd1 {Milano gibt auf} c3
33. Nc6 Bxc6 34. Bxf6 gxf6 35. Rd8+ Kg7 36. Rd1 Qb2 37. Re1 Qxc2 38. h4 Qb1 39.
Rxb1 axb1=Q+ 40. Kh2 c2 41. Kg3 {# in -5} c1=Q 42. Kh3 Bd7+ 43. g4 Qh1+ 44. Kg3
Qbg1+ 45. Kf4 Qf3# {??:?? - 19:28} 0-1

[Event "30/move"]
[Site "?"]
[Date "2006.03.31"]
[Round "18"]
[White "Mephisto Modena"]
[Black "Mephisto Milano"]
[Result "1/2-1/2"]
[WhiteElo "1983"]
[BlackElo "2010"]
[PlyCount "157"]
[EventDate "2006.03.31"]
[EventType "tourn (rapid)"]
[EventRounds "20"]
[EventCountry "NED"]
[SourceDate "2006.03.12"]

1. e4 e5 2. f4 exf4 3. Nf3 d6 4. d4 g5 5. h4 g4 6. Ng1 {Modena letzter Buchzug}
Qf6 7. Nc3 Ne7 {Milano letzter Buchzug} 8. Bc4 $146 ({RR} 8. Qd3 Bd7 ({RR} 8...
Nbc6 9. Nb5 Kd8 10. e5 Qf5 11. exd6 cxd6 12. Bd2 Nd5 13. O-O-O a6 14. Qa3 Qf6
15. c4 Nb6 16. Ba5 Nxa5 17. Qxa5 d5 18. Nc3 dxc4 19. Nd5 {
1-0 Jorge Bort,E-Svendsen,P/Valencia 2002/CBM 89 ext}) ({RR} 8... Bh6 9. Bd2 a6
10. O-O-O Nbc6 11. Nge2 Bd7 12. Nd5 Nxd5 13. exd5 Ne7 14. Nc3 O-O-O 15. Qc4 Kb8
16. Qb4 Ka7 17. Bd3 Nf5 18. Ne4 Qg7 19. Kb1 Rhe8 20. Bc3 Bc8 21. Nc5 Ne3 22.
Be4 f5 23. Ne6 {Russell,D-Beaton,K/Scotland 1994/CBM 42/0-1 (35)}) 9. Nge2 Bh6
10. g3 fxg3 11. Qxg3 Bxc1 12. Rxc1 Nbc6 13. Rd1 O-O-O 14. Bg2 Rhf8 15. Qe3 Kb8
16. Kd2 Qg7 17. b4 Nxb4 18. Rb1 Nbc6 19. Nd5 b6 20. Qg5 Qxg5+ 21. hxg5 Nxd5 22.
exd5 Ne7 {Kravtsov,S-Isanbaev,R/Novosibirsk 1998/EXT 2000/0-1 (47)}) ({RR} 8.
Qe2 Nbc6 9. d5 Ne5 10. Qb5+ c6 11. Qe2 h5 12. Bd2 N7g6 13. O-O-O Bd7 14. Qe1
Bh6 15. dxc6 bxc6 16. Kb1 Be6 17. Nge2 Nc4 18. Bc1 Rb8 19. Nd4 Qxd4 20. Rxd4
Na3+ 21. Ka1 Nxc2+ 22. Kb1 Nxe1 {Campbell,D-Beaton,K/Perth 1995/EXT 2001/0-1})
8... Bg7 9. Nb5 Na6 10. Qe2 c6 11. Nc3 h6 12. Bd2 Qxd4 13. Bxf4 b5 14. Nxb5
cxb5 15. Bxb5+ Kf8 16. Rd1 Qxb2 17. Bxa6 Bxa6 18. Qxa6 Qb4+ 19. Kf2 d5 20. Ne2
Qxe4 21. c3 Rc8 22. Bd6 Rd8 23. Nd4 Bxd4+ 24. cxd4 Qc2+ 25. Kg3 Kg8 26. Bxe7
Qc7+ 27. Kxg4 Qxe7 28. Rhe1 Qd7+ 29. Kg3 Qc7+ 30. Kf2 Qf4+ 31. Kg1 Qxh4 32.
Qxa7 Kf8 33. Re3 Rg8 34. Rf1 Rg7 35. Ref3 Qe7 36. Qb6 Qd6 37. Qa5 Qe7 38. Qa6
Rd6 39. Qc8+ Rd8 40. Qc1 Qh4 41. Qd2 Ra8 42. Rf5 Rd8 43. Rf6 Qg5 44. Qf2 Rd7
45. a4 Ra7 46. a5 Kg8 47. a6 Rd7 48. Rb1 Rc7 49. Ra1 Rg6 50. a7 Rc1+ 51. Rxc1
Qxc1+ 52. Qf1 Qxf1+ 53. Rxf1 Ra6 54. Rf5 Rxa7 55. Rxd5 Kf8 56. Kf2 Ra2+ 57. Kf3
Rd2 58. g4 Ke7 59. Ke3 Rg2 60. Kf4 Rf2+ 61. Ke4 Re2+ 62. Kf5 Rf2+ 63. Ke5 Re2+
64. Kf5 Rf2+ 65. Ke4 Re2+ 66. Kd3 Rg2 67. Rh5 Rxg4 68. Rxh6 f5 69. d5 Re4 70.
d6+ Kd7 71. Rf6 Re6 72. Rxf5 Kxd6 73. Kd4 Kc7 74. Kd5 Kd7 75. Rg5 Rd6+ 76. Kc5
Ke7 77. Rg7+ Kf8 78. Kxd6 Kxg7 79. Ke7 {
Remis, da kein Material zum Mattsetzen; ??:?? - 34:42} 1/2-1/2

[Event "30/move"]
[Site "?"]
[Date "2006.03.31"]
[Round "19"]
[White "Mephisto Milano"]
[Black "Mephisto Modena"]
[Result "1-0"]
[WhiteElo "2010"]
[BlackElo "1983"]
[PlyCount "157"]
[EventDate "2006.03.31"]
[EventType "tourn (rapid)"]
[EventRounds "20"]
[EventCountry "NED"]
[SourceDate "2006.03.12"]

1. d4 f5 2. Nf3 Nf6 3. g3 e6 4. Bg2 Be7 5. O-O O-O 6. c4 {
Milano letzter Buchzug} Ne4 {Modena letzter Buchzug} 7. Bf4 $146 ({RR} 7. Ne1
d5 8. f3 Nf6 9. cxd5 exd5 10. Nd3 b6 11. Be3 Bd6 12. Nc3 c6 13. Rc1 Qe7 14. Qd2
Ba6 15. Bf4 Nbd7 16. Bxd6 Qxd6 17. Nf4 Rae8 18. Rfe1 Re7 19. Bf1 Nb8 20. e3
Bxf1 21. Rxf1 Nbd7 {Flohr,S-Alekhine,A/Podebrady 1936/EXT 98/1/2-1/2 (35)}) ({
RR} 7. Qb3 Bf6 8. Nc3 ({RR} 8. Rd1 Qe8 9. Nc3 Nc6 10. Nb5 Bd8 11. Qc2 d6 12. d5
Nb4 13. Qb3 Na6 14. dxe6 Nac5 15. Qc2 Nxe6 16. Nfd4 Nxd4 17. Nxd4 Bf6 18. Nb5
Qe7 19. Be3 a6 20. Nd4 Bd7 21. Rac1 Rae8 22. b4 b6 {
Capablanca,J-Alekhine,A/Nottingham 1936/HCL/1-0 (37)}) 8... Nc6 9. d5 ({RR} 9.
Be3 b6 10. Nxe4 fxe4 11. Nd2 Bxd4 12. Bxe4 Bxe3 13. Qxe3 Bb7 14. Rad1 Na5 15.
b4 Bxe4 16. Qxe4 Nc6 17. b5 Na5 18. Nf3 Qe7 19. Rd3 Rae8 20. c5 d5 21. cxd6
cxd6 22. Qd4 Nb7 23. Re3 Nc5 {
Tartakower,S-Opocensky,K/Buenos Aires 1939/HCL/1/2-1/2 (53)}) 9... Na5 10. Qa4
Bxc3 11. bxc3 b6 12. Nd4 e5 13. Nxf5 Nc5 14. Qc2 d6 15. Ne3 Qe8 16. Ba3 Nab7
17. Rae1 Qa4 18. Qc1 Bd7 19. f4 exf4 20. Rxf4 Rxf4 21. gxf4 Na5 {
Christiansen,L-Spraggett,K/San Francisco 1987/CBM 05/1/2-1/2 (40)}) ({RR} 7.
Nc3 d5 8. Ne5 c6 9. Nxe4 fxe4 10. f3 Nd7 11. Nxd7 Bxd7 12. cxd5 exf3 13. dxe6
Bxe6 14. Bxf3 Qb6 15. Bf4 Bf6 16. e3 Rad8 17. Qe2 Qb4 18. a3 Qb3 19. Rac1 Rfe8
20. Rc3 Qb6 21. h4 Bd5 {Krush,I-Akobian,V/New York 2003/CBM 95/1-0 (51)}) 7...
b6 8. Nfd2 Bb7 9. Nxe4 Bxe4 10. Bxe4 fxe4 11. Qc2 e3 12. Bxe3 Nc6 13. Qe4 a5
14. Nc3 Bf6 15. Rad1 Ne7 16. b3 Ng6 17. Rfe1 Qe7 18. Qb7 Rac8 19. Ne4 e5 20. c5
bxc5 21. dxc5 Qe6 22. Nxf6+ gxf6 23. Qb5 Rfd8 24. Qxa5 Ne7 25. Qa7 Nd5 26. Bc1
Nc3 27. Rd3 Nb5 28. Qa5 Nd4 29. e4 Qg4 30. Kh1 Nf3 31. Red1 Qxe4 32. Re3 Qc2
33. Rf1 Nd4 34. Qa6 Ne6 35. b4 Ra8 36. Re2 Qc3 37. Qb7 Rab8 38. Qd5 Rxb4 39.
Be3 Qc4 40. Qf3 Rb2 41. Rfe1 Rxe2 42. Rxe2 Rf8 43. Bh6 Rf7 44. h3 Qxc5 45. Rb2
Qa7 46. Qd5 c5 47. Be3 Qc7 48. Kh2 Qc6 49. Qxc6 dxc6 50. a4 f5 51. Rc2 Ra7 52.
Rc4 Kg7 53. Bxc5 Nxc5 54. Rxc5 Rxa4 55. Rxe5 Kf6 56. Rc5 Ra6 57. g4 fxg4 58.
hxg4 Ke6 59. f4 Kd6 60. Rc3 c5 61. f5 Kd5 62. g5 c4 63. Rc1 Kd4 64. Rd1+ Ke3
65. f6 c3 66. Re1+ Kd3 67. f7 Ra8 68. Re8 Ra2+ 69. Kg3 c2 {Modena gibt auf} 70.
f8=Q c1=Q 71. Qf5+ Kd2 72. Qd5+ Kc2 73. Qxa2+ Kd3 74. Rd8+ Kc3 75. Rc8+ {# in 8
} Kd4 76. Rxc1 Ke5 77. Rd1 {# in 5} Kf5 78. Rd6 {# in 2} Kxg5 79. Qd5# {
35:21 - ??:??} 1-0

[Event "30/move"]
[Site "?"]
[Date "2006.03.31"]
[Round "20"]
[White "Mephisto Modena"]
[Black "Mephisto Milano"]
[Result "0-1"]
[WhiteElo "1983"]
[BlackElo "2010"]
[PlyCount "62"]
[EventDate "2006.03.31"]
[EventType "tourn (rapid)"]
[EventRounds "20"]
[EventCountry "NED"]
[SourceDate "2006.03.12"]

1. e4 e5 2. Nc3 Nf6 3. Bc4 {Modena letzter Buchzug} Bb4 {Milano letzter Buchzug
} 4. a3 Bxc3 5. dxc3 d6 6. Nf3 Nc6 7. Bg5 h6 8. Bxf6 Qxf6 9. O-O Bg4 10. Be2
$146 ({RR} 10. h3 Bh5 11. b4 O-O 12. Rb1 Qg6 13. Re1 Rab8 14. Bf1 a6 15. g4
Rfd8 16. Bg2 Bxg4 17. hxg4 Qxg4 18. Nh2 Qxd1 19. Rexd1 Ne7 20. Ng4 c6 21. Rd2
f5 22. Ne3 f4 23. Ng4 h5 24. Nh2 g5 {
Ahonen,K-Virkamaeki,L/Finland 1996/EXT 98/1/2-1/2 (52)}) 10... O-O 11. Qd3 Rad8
12. Rfd1 Qf4 13. Nd2 Bxe2 14. Qxe2 f5 15. Qc4+ Kh8 16. exf5 Rxf5 17. Ne4 Rdf8
18. f3 a6 19. Qb3 Qe3+ 20. Kh1 Rxf3 21. Qxb7 Qxe4 22. gxf3 Qxf3+ 23. Kg1 Qg4+
24. Kh1 Rf2 25. Qxc6 Qh3 {# in 7} 26. Qa8+ Kh7 27. Qe4+ {Modena gibt auf} g6
28. Qxg6+ Kxg6 29. Rxd6+ Kf5 30. Rf6+ Kxf6 31. Rc1 Qxh2# {??:?? - 08:59} 0-1